| 000 | 00505nam a22001577a 4500 | ||
|---|---|---|---|
| 003 | OSt | ||
| 008 | 260626b |||||||| |||| 00| 0 eng d | ||
| 020 | _a9788170196358 | ||
| 082 |
_a632.4 _bB57W |
||
| 245 | _aWilt Diseases of Crops / edited Ashok Bhattacharyya...[et al.] | ||
| 260 |
_aPusa: _bIARI, _c2019. |
||
| 300 | _a533 p. | ||
| 650 | _aTechnology (Applied Sciences) | Agriculture and Related Technologies | Fungus Diseases | Plant Diseases | ||
| 700 | _aBhattacharyya, Ashok | ||
| 942 |
_2ddc _cBK |
||
| 999 |
_c52345 _d52345 |
||